Using well logs and discriminant function analysis to reconstruct internal structure of basement metamorphic rocks (Mezősas field, Pannonian Basin)

Elmentve itt :
Bibliográfiai részletek
Szerzők: Hasan Muhammad Luqman
M. Tóth Tivadar
Dokumentumtípus: Könyv része
Megjelent: Csillagászati és Földtudományi Kutatóközpont Budapest 2022
Sorozat:Calce et malleo – Mésszel és kalapáccsal
Tárgyszavak:
mtmt:33548208
Online Access:http://publicatio.bibl.u-szeged.hu/37510
LEADER 00920naa a2200217 i 4500
001 publ37510
005 20250822135435.0
008 250822s2022 hu o 000 eng d
020 |a 9789637331008 
024 7 |a 33548208  |2 mtmt 
040 |a SZTE Publicatio Repozitórium  |b hun 
041 |a eng 
100 1 |a Hasan Muhammad Luqman 
245 1 0 |a Using well logs and discriminant function analysis to reconstruct internal structure of basement metamorphic rocks (Mezősas field, Pannonian Basin)  |h [elektronikus dokumentum] /  |c  Hasan Muhammad Luqman 
260 |a Csillagászati és Földtudományi Kutatóközpont  |b Budapest  |c 2022 
300 |a 3 
300 |a 95-97 
490 0 |a Calce et malleo – Mésszel és kalapáccsal 
650 4 |a Föld- és kapcsolódó környezettudományok 
700 0 2 |a M. Tóth Tivadar  |e aut 
856 4 0 |u http://publicatio.bibl.u-szeged.hu/37510/1/Kozettani_Vandorgyules_2022_MTT.pdf  |z Dokumentum-elérés